01321njm a2200289Ia 450000100060000000300090000600500170001500800410003204000130007304000130008610000110009910000180011010000380012824500350016625000110020126000110021226000210022330000100024450000530025450501930030751100260050065000470052670001480057370000980072170001260081970000860094523800IT-RoPAU20220918181158.0131025s9999 xx 000 0 und d aIT-RoPAU cIT-RoPAU aAA.VV. eAutore musica gCodice autore musica SPICS: 12000 aOpera senza parole (Lp Ss 152) a1a ed. aMILANO bBLUEBELL RECORDS aDISCO aMusica operistica. Musica classica. Opera lirica aLa Traviata: addio del passato - Tannhauser: stella della sera - Madame Butterfly: un bel dì - Boheme: valzer Musette - Aida: celeste Aida - Carmen: Habanera - La Traviata: sempre libera aOrchestra 101 Strings aOPERA [DISCHI]eCodice MATERIA SPICS: 9950 aVerdi GiuseppedCodice autore musica SPICS: 89eAutore musicapLa Traviata: addio del passato - Aida: celeste Aida - La Traviata: sempre libera aWagner RicharddCodice autore musica SPICS: 563eAutore musicapTannhauser: stella della sera aPuccini GiacomodCodice autore musica SPICS: 11082eAutore musicapMadame Butterfly: un bel dì - Boheme: valzer Musette aBizet GeorgesdCodice autore musica SPICS: 10724eAutore musicapCarmen: Habanera